000 00778nam a2200181 4500
001 144134
003 ES-MaACL
005 20230906200942.0
007 t|
008 070214s1981 sp r ||||1| spa d
111 2 _aSimposio Internacional de Mudejarismo (
_n1º.
_d1975.
_cTeruel)
_91074
245 1 0 _aActas del i Simposio Internacional de Mudejarismo
_b: [Teruel 15-17 septiembre 1975].
260 _aMadrid ;
_aTeruel :
_bConsejo Superior de Investigaciones Científicas :
_bDiputación Provincial de Teruel,
_c1981 (
_eGuadalajara :
_fJ. C. J.)
300 _a542 p. :
_bil. ;
_c24 cm.
710 2 _aConsejo Superior de Investigaciones Científicas (España)
_93236
710 2 _aTeruel (Provincia).
_bDiputación Provincial.
_96943
852 _aES-MaACL
_jL-1456
_bR.102033
999 _c144134
_d144134